| 000 | 00000nam##2200000za#4500 |
| 001 | 9.571640 |
| 003 | CaOODSP |
| 005 | 20211126112844 |
| 007 | cr ||||||||||| |
| 008 | 150406|1995||||xxc|||||o f|0| 0 eng|d |
| 022 | |a1701-9397 |
| 040 | |aCaOODSP|beng |
| 043 | |an-cn--- |
| 086 | 1 |aFB3-2/95-9E-PDF |
| 110 | 2 |aBank of Canada. |
| 245 | 10|aSelection of the truncation lag in structural VARS or (VECMs) with long-run restrictions / |h[electronic resource]|cby Alain DeSerres and Alain Guay. |
| 260 | |aOttawa - Ontario : |bBank of Canada |cOctober 1995. |
| 300 | |a49p.|bgraphs, references, tables |
| 490 | 1 |aBank of Canada working paper|x1701-9397|v95-9 |
| 500 | |a"The authors examine the issue of lag-length selection in the context of a structural vector autoregression (VAR) and a vector error-correction model with long-run restrictions. First, they show that imposing long-run restrictions implies, in general, a moving-average (MA) component in the stationary multivariate representation. Then they examine the sensitivity of estimates of the permanent and transitory components to the selection of the lag length required in a VAR system to approximate this MA component."--Abstract. |
| 500 | |aThe ISBN (0-662-23793-5) and ISSN (1192-5434) for the print edition have been incorrectly copied in this electronic publication. |
| 520 | 3 |aThe authors examine the issue of lag-length selection in the context of a structural vector autoregression (VAR) and a vector error-correction model with long-run restrictions. First, they show that imposing long-run restrictions implies, in general, a moving-average (MA) component in the stationary multivariate representation. Then they examine the sensitivity of estimates of the permanent and transitory components to the selection of the lag length required in a VAR system to approximate this MA component.--Abstract |
| 546 | |aRésumés en français. |
| 590 | |a11-19-Supp|b2011-09-23 |
| 690 | 07|aEconomy|2gcpds |
| 720 | 1 |aGuay, Alain |
| 720 | 1 |aDeSerres, Alain |
| 776 | 0#|tSelection of the truncation lag in structural VARS or (VECMs) with long-run restrictions / |w(CaOODSP)9.612563 |
| 830 | #0|aWorking paper (Bank of Canada)|x1701-9397|v95-9|w(CaOODSP)9.504604 |
| 856 | 40|ahttp://publications.gc.ca|qPDF|s175 KB|uhttps://publications.gc.ca/collections/Collection/FB3-2-95-9E.pdf|y95-9 |